000 00738nam a2200181Ia 4500
008 151202s9999||||xx |||||||||||||| ||und||
082 _bPNVM-76576
100 _aशेवडे सच्चिदानन्द
245 _aवाचा आणि गप्प बसा
260 _b"नवचैतन्य प्रकाशन,बोरिवली,मुंबई फोन-०२२२८६४५२१२"
260 _c2011
300 _a192
600 _aशेवडे सच्चिदानन्द
630 _aवाचा आणि गप्प बसा
700 _aशेवडे सच्चिदानन्द
730 _aवाचा आणि गप्प बसा
942 _cBOOK
999 _c1343235
_d1343232